Presidents of Moldova by Picture - Statistics

General Stats
  • This quiz has been taken 24 times
  • The average score is 8 of 18
Answer Stats
Picture Hint Answer % Correct
2020-Present Maia Sandu
100%
2016-2020 Igor Dodon
95%
2010 Vlad Filat
77%
2001-2009 Vladimir Voronin
77%
1990-1997 Mircea Snegur
68%
2010-2012 Marian Lupu
64%
2009-2010 Mihai Ghimpu
64%
1950-1952 Leonid Brezhnev
55%
2012-2016 Nicolae Timofti
50%
1989-1991 | 1997-2001 Petru Lucinschi
45%
1917-1918 Ion Inculeț
36%
1980-1989 Semion Grossu
27%
1961-1980 Ivan Bodiul
18%
1952-1954 Dimitri Gladki
14%
1991 Grigore Eremei
14%
1946-1950 Nicolae Coval
14%
1942-1946 Nikita Salogor
14%
1954-1961 Zinovie Serdiuk
14%
No matching quizzes found
Score Distribution
Percent of People with Each Score
Percentile by Number Answered
Your Score History
You have not taken this quiz